Statistics for Top 15 Genocides by Death Toll

Click here to take the quiz!

General Stats

  • This quiz has been taken 372 times
  • The average score is 4 of 15

Answer Stats

Lowest EstimateGenocide% Correct
15,750,000Holocaust
93%
7700,000Armenian genocide
81%
9500,000Rwandan genocide
59%
51,386,734Cambodian genocide
41%
21,800,000Holodomor
34%
10500,000Greek genocide
20%
31,800,000Nazi genocide of Poles
16%
13320,000Serbian genocide
14%
14300,000Genocide in Bangladesh
13%
8500,000Indonesian genocide
10%
12400,000Circassian genocide
8%
61,300,000Kazakh genocide
5%
15300,000Pacification of Algeria
4%
41,500,000Mongol conquest of Western Xia
2%
11480,000Zunghar genocide
1%

Score Distribution

Percentile by Number Answered

Percent of People with Each Score

Your Score History

You have not taken this quiz